Arrested Development Geography Quiz Stats

 Plays Quiz Updated Dec 29, 2011

Challenge
Share
Tweet
Embed
Score 0/24 Timer 06:00
4 Plays Today
Hint Answer % Correct
State in which most of the show takes place.California
98%
County in which most of the show takes place.Orange County
89.5%
Popular abbreviation for the above.Don't call it that.
88.6%
Country originally home to 'Annyong' Bluth.Korea
84.5%
This might be a nice place to escape to (unless of course you marketed the Cornballer).Mexico
84.1%
George Sr. may have commited 'light treason' by building homes here.Iraq
82.6%
'Make the biggest little mistake of your life' in this city.Reno
64.3%
This was 'pot central' in the '70s and earned the nickname 'big yellow joint.'Banana Stand
63.4%
Despite Buster's cartography training, this part of the map is not the land.The blue part
53.3%
State home to Lindsay and her family prior to the series.Massachusetts
47%
Barry is legally obligated to tell you you can't leave the state. I wish you hadn't said this city.Phoenix
44.5%
This ship is — or rather was — permanently docked south of LA. You may be thinking of the nightclub, though.Queen Mary
41.9%
Hint Answer % Correct
District in Orange County known for its reversed lanes and 'the Poppins.'Wee Britain
39.6%
This location sounds like a salad dressing, but for some reason I don't want to eat it.Sudden Valley
38.1%
One company wants you to know, unlike other cartels from this country, they 'won't kidnap and kill you.'Colombia
37.8%
Island home to many sheep.Catalina Island
36.6%
This country is often cited as being 'down old South America way.'Portugal
34.9%
Every year, Oscar attempts the 420-mile walk to this city.Berkeley
23%
An oft-used point of reference, as in the phrase 'twenty miles to...'Legoland
21.3%
However, he's never made it past this college.UC Irvine
21%
Although a Google search turns up no results, Maeby supposedly went to this city with her debate club.Sacremende
20.4%
Island home to the above.Balboa Island
17.4%
Original location of the cabin. George Sr. would take you if he didn't have to help this lady find her puppy...Lake Tahoe
15.1%
Military base near Uncle Oscar's lemon grove.Camp Pendleton
7.4%

You're not logged in!

Compare scores with friends on all Sporcle quizzes.
OR
Log In

You Might Also Like...

Show Comments

Extras

Top Quizzes Today


Score Distribution

Your Account Isn't Verified!

In order to create a playlist on Sporcle, you need to verify the email address you used during registration. Go to your Sporcle Settings to finish the process.

Report this User

Report this user for behavior that violates our Community Guidelines.

Details: